Upravlenije kačestvom /

Gespeichert in:
Bibliographische Detailangaben
1. Verfasser: Robertson, A.G (Verfasst von)
Weitere Verfasser: Siskov, V.I (Übersetzung)
Format: Buch
Sprache:Russisch
Veröffentlicht: Moskva, 1974
Tags: Tag hinzufügen
Keine Tags, Fügen Sie das erste Tag hinzu!

MARC

LEADER 00000nam a22000003a 4500
001 stu41375
005 20150617225719.5
008 931122s1974----xxr-----------------rus-d
040 |a STU  |b slo 
041 0 |a rus 
044 |a xxr 
100 1 |a Robertson, A.G  |4 aut 
245 1 |a Upravlenije kačestvom /  |c [aut.]A.G. Robertson; Z angl. V.I. Siskov 
260 |a Moskva,  |c 1974 
300 |a 251 s 
700 1 |a Siskov, V.I  |4 trl 
996 |b 284M003461  |c M*4291-1  |l MMKN  |s A  |a 24  |w stu41375_0001